Prácticas del profesional de enfermeria que inciden en las infecciones del sitio operatorio en cirugia ortopedica basados en el modelo de entorno saludable de Florence Nightingale, en una IPS de III nivel. Cartagena 2012 (Registro nro. 3826)
[ vista simple ]
| 000 -LEADER | |
|---|---|
| fixed length control field | 01712nmm a2200325 a 4500 |
| 003 - CONTROL NUMBER IDENTIFIER | |
| control field | CO-CtgCURN |
| 005 - DATE AND TIME OF LATEST TRANSACTION | |
| control field | 20250329165431.0 |
| 007 - PHYSICAL DESCRIPTION FIXED FIELD--GENERAL INFORMATION | |
| fixed length control field | co cga---uuuuu |
| 008 - FIXED-LENGTH DATA ELEMENTS--GENERAL INFORMATION | |
| fixed length control field | 160531s2012 i eng d |
| 040 ## - CATALOGING SOURCE | |
| Original cataloging agency | CO-CtgCURN |
| Language of cataloging | spa |
| Transcribing agency | coctgcurn |
| 082 0# - DEWEY DECIMAL CLASSIFICATION NUMBER | |
| Classification number | ENF 2012 |
| Item number | L864p |
| 100 1# - MAIN ENTRY--PERSONAL NAME | |
| Personal name | López Rivera, María del Pilar. |
| 245 10 - TITLE STATEMENT | |
| Title | Prácticas del profesional de enfermeria que inciden en las infecciones del sitio operatorio en cirugia ortopedica basados en el modelo de entorno saludable de Florence Nightingale, en una IPS de III nivel. Cartagena 2012 |
| Medium | [electronic resource] / |
| Statement of responsibility, etc. | María del Pilar López Rivera, Lira Mercedes Sara Castillo, Elvira Arias Cortes ; asesores, Zorayda Barrios Puerta, Anderson Díaz Pérez. |
| 260 ## - PUBLICATION, DISTRIBUTION, ETC. | |
| Place of publication, distribution, etc. | Cartagena de Indias : |
| Name of publisher, distributor, etc. | Corporación Universitaria Rafael Núñez, |
| Date of publication, distribution, etc. | 2012. |
| 300 ## - PHYSICAL DESCRIPTION | |
| Extent | CD-Rom. |
| 336 ## - CONTENT TYPE | |
| Source | rdacontent |
| 337 ## - MEDIA TYPE | |
| Source | rdamedia |
| Media type term | sin mediacion |
| Media type code | n |
| 338 ## - CARRIER TYPE | |
| Source | rdacarrier |
| Carrier type term | volumen |
| Carrier type code | nc |
| 502 ## - DISSERTATION NOTE | |
| Dissertation note | Trabajo de grado (Enfermera (o)). Corporación Universitaria Rafael Nuñez. Facultad de Ciencias de la Salud. Programa de Enfermeria, 2012. |
| 504 ## - BIBLIOGRAPHY, ETC. NOTE | |
| Bibliography, etc. note | Incluye bibliografia. |
| 590 ## - LOCAL NOTE (RLIN) | |
| Local note | Enfemeria |
| 650 #0 - SUBJECT ADDED ENTRY--TOPICAL TERM | |
| Topical term or geographic name entry element | Enfermeria |
| Form subdivision | Tesis y disertaciones academicas. |
| 700 1# - ADDED ENTRY--PERSONAL NAME | |
| Personal name | Sara Castillo, Lira Mercedes. |
| 700 1# - ADDED ENTRY--PERSONAL NAME | |
| Personal name | Arias Cortes, Elvira. |
| 700 1# - ADDED ENTRY--PERSONAL NAME | |
| Personal name | Barrios Puerta, Zorayda, |
| Relator term | asesor. |
| 700 1# - ADDED ENTRY--PERSONAL NAME | |
| Personal name | Díaz Pérez, Anderson, |
| Relator term | asesor. |
| 856 7# - ELECTRONIC LOCATION AND ACCESS | |
| Uniform Resource Identifier | <a href="https://unicurn.sharepoint.com/:b:/s/biblioteca/EYdV813Vq1FCo8Rw4LtJQW0BRMOwEchyJ05gA3WNLJK22w?e=5ZhkF7">https://unicurn.sharepoint.com/:b:/s/biblioteca/EYdV813Vq1FCo8Rw4LtJQW0BRMOwEchyJ05gA3WNLJK22w?e=5ZhkF7</a> |
| Public note | Click aqui para ver el recurso en texto completo |
| 942 ## - ADDED ENTRY ELEMENTS (KOHA) | |
| Classification part | ENF 2012 |
| Item part | L864p |
| Source of classification or shelving scheme | Dewey Decimal Classification |
| Koha item type | Trabajos de grado |
| Withdrawn status | Lost status | Damaged status | Not for loan | Collection | Home library | Current library | Shelving location | Date acquired | Cost, normal purchase price | Inventory number | Total checkouts | Full call number | Barcode | Date last seen | Price effective from | Koha item type |
|---|---|---|---|---|---|---|---|---|---|---|---|---|---|---|---|---|
| Trabajos de grado | Miguel Henríquez Emiliani | Miguel Henríquez Emiliani | Trabajo de grado | 09/23/2018 | 35000.00 | 021133 | ENF 2012 L864p | 021133 | 03/29/2025 | 03/29/2025 | Trabajos de grado |